Entrega de un banderín a los mozos de escuadra : fue apadrinado por la esposa del Presidente, Marquesa de Castell-Florite. fue apadrinado por la esposa del Presidente, Marquesa de Castell-Florite.
Descripción Física:
Il·lustracions
Colección:
San Jorge,
; núm. 7 (juliol 1952), pàg. 33-34
Idioma:
Español
MARC
| LEADER | 00000naa a2200000 a 4500 | ||
|---|---|---|---|
| 003 | Arxiu | ||
| 005 | 20260324181042.0 | ||
| 008 | 160829s1952 spcaxx s spa c | ||
| 040 | |a agdb | ||
| 245 | 0 | 0 | |a Entrega de un banderín a los mozos de escuadra : |b fue apadrinado por la esposa del Presidente, Marquesa de Castell-Florite. |
| 300 | |b Il·lustracions | ||
| 490 | |a San Jorge, |v núm. 7 (juliol 1952), pàg. 33-34 | ||
| 600 | 1 | 0 | |a Serra Spieler, Luisa |9 54699 |
| 610 | 0 | |a Catalunya. |b Mossos d'Esquadra |9 53686 | |
| 773 | |g Núm. 7 (juliol 1952), pàg. 33-34 |t San Jorge. | ||
| 901 | |a Arxiu | ||
| 942 | |n 1 |2 udc |c ART | ||
| 952 | |0 0 |1 0 |4 0 |7 1 |9 64252 |a Arxiu |b Arxiu |d 2022-11-21 |o Rev-508 |r 2022-11-21 00:00:00 |w 2022-11-21 |y ARXIU |z També disponible a Rev-521 | ||
| 999 | |c 49825 |d 49825 | ||